Normal view MARC view
  • ME-ESE Thesis MS Thesis

Entry Topical Term

Number of records used in: 1

001 - CONTROL NUMBER

  • control field: 116456

003 - CONTROL NUMBER IDENTIFIER

  • control field: NUST

005 - DATE AND TIME OF LATEST TRANSACTION

  • control field: 20230912165949.0

008 - FIXED-LENGTH DATA ELEMENTS

  • fixed length control field: 230912|| aca||aabn | a|a d

040 ## - CATALOGING SOURCE

  • Original cataloging agency: NUST
  • Transcribing agency: NUST

150 ## - HEADING--TOPICAL TERM

  • Topical term or geographic name entry element: ME-ESE Thesis MS Thesis

670 ## - SOURCE DATA FOUND

  • Source citation: Work cat.: (NUST): Rehan Anwar (170877) 116455, Cu-tpa MOF derived electrocatalyst for oxygen reduction reaction with low Pt loading /, 2019
© 2023 Central Library, National University of Sciences and Technology. All Rights Reserved.